Ničota v Slovinsku

Bibliographic Details
Main Author: Rožanc, Marjan 1930-1991 (Author)
Format: Article
Language:Slovak
Subjects:

MARC

LEADER 00000nab a2200000 a 4500
001 vtls000824812
003 SK-MaSNL
005 20260304120831.0
008 250429c2002 xo 0 slo
015 |a SNBRB2003/02-04490 
035 |a CLN000176467 
035 |a urn:nbn:sk:snk-abbw41 
035 |a (urnnbn)urn:nbn:sk:snk:ar-00021n 
035 |a (uuid)53f8bace-dbcc-46f5-b01a-ea55d6b0cd02 
040 |a SNKBUCL  |b slo  |c SNKBUCL  |e AACR2 
041 0 |a slo 
044 |a xo  |c SK 
080 |a 886.3-4  |2 1997 
100 1 |a Rožanc, Marjan  |d 1930-1991  |4 aut  |9 1425228 
245 1 0 |a Ničota v Slovinsku  |c Marjan Rožanc ; preložila Anežka Kočalková 
650 0 7 |a slovinské eseje  |2 SNKPH  |9 124404 
655 7 |a články z novín a časopisov  |2 snkbucl  |9 267496 
773 0 |t Romboid  |g Roč. 37, č. 8-9 (2002), s. 26-28  |x 0231-6714 
850 |a Slovenská národná knižnica 
852 |a Slovenská národná knižnica 
958 |a article15 
958 |a LX 
958 |a SI 
958 |a OND 
958 |a EUIPO 
992 |a RBX 
999 |c 2881821  |d 2883751